Microbial ecology fundamentals and applications (Record no. 15393)
[ view plain ]
| 000 -LEADER | |
|---|---|
| fixed length control field | 00363nam a22001457a 4500 |
| 020 ## - INTERNATIONAL STANDARD BOOK NUMBER | |
| ISBN | 9788131713846 |
| 082 ## - DEWEY DECIMAL CLASSIFICATION NUMBER | |
| Classification number | 576.1505 |
| Item number | ATL/MI |
| 100 ## - MAIN ENTRY--AUTHOR NAME | |
| Personal name | Atlas, Ronald M |
| 245 ## - TITLE STATEMENT | |
| Title | Microbial ecology fundamentals and applications |
| 250 ## - EDITION STATEMENT | |
| Edition statement | 4 |
| 260 ## - PUBLICATION, DISTRIBUTION, ETC. (IMPRINT) | |
| Place of publication | India |
| Name of publisher | Pearson Education |
| Year of publication | 2016 |
| 300 ## - PHYSICAL DESCRIPTION | |
| Number of Pages | 704 |
| 700 ## - ADDED ENTRY--PERSONAL NAME | |
| Personal name | Bartha, Richard |
| 942 ## - ADDED ENTRY ELEMENTS (KOHA) | |
| Koha item type | Book Bank scheme for SC students |
| Withdrawn status | Lost status | Damaged status | Home library | Current library | Shelving location | Date acquired | Full call number | Accession Number | Koha item type |
|---|---|---|---|---|---|---|---|---|---|
| KAUAET | KAUAET | Scheme | 31/03/2018 | 576.1505 ATL/MI | BB 471 | Book Bank scheme for SC students | |||
| KAUAET | KAUAET | Scheme | 31/03/2018 | 576.1505 ATL/MI | BB 472 | Book Bank scheme for SC students |
